Southville International School and Colleges
Your cart is empty.
  • Cart
  • Lists
    Public lists Eva Luna New books Lux_list list_1
    Your lists Log in to create your own lists
  • Log in to your account
  • Your cookies
  • Search history
Southville International School and Colleges
  • Advanced search
  • Recent comments
  • Most popular
  • Libraries

Log in to your account

Log in with GOOGLE


If you do not have an external account, but do have a local account, you can still log in:

  1. Home
  2. MARC view: Asian and pacific Islander American education: social, cultural, and historical contexts. /
Normal view MARC view ISBD view

Asian and pacific Islander American education: social, cultural, and historical contexts. / (Record no. 15186)

[ view plain ]
MARC details
000 -LEADER
fixed length control field 00864nam a22003015a 4500
001 - CONTROL NUMBER
control field 12689047
003 - CONTROL NUMBER IDENTIFIER
control field OSt
005 - DATE AND TIME OF LATEST TRANSACTION
control field 20140310182703.0
008 - FIXED-LENGTH DATA ELEMENTS--GENERAL INFORMATION
fixed length control field 020225s2002 cau 000 0 eng
010 ## - LIBRARY OF CONGRESS CONTROL NUMBER
LC control number 2002102632
020 ## - INTERNATIONAL STANDARD BOOK NUMBER
International Standard Book Number 1879600935
035 ## - SYSTEM CONTROL NUMBER
System control number (DLC) 2002102632
040 ## - CATALOGING SOURCE
Original cataloging agency DLC
Transcribing agency DLC
042 ## - AUTHENTICATION CODE
Authentication code pcc
050 ## - LIBRARY OF CONGRESS CALL NUMBER
Classification number RA 447
Item number .T159 2002
082 ## - DEWEY DECIMAL CLASSIFICATION NUMBER
Classification number M 370.973
Item number As4 2002
100 1# - MAIN ENTRY--PERSONAL NAME
Personal name Tamura, Euleen H.
245 10 - TITLE STATEMENT
Title Asian and pacific Islander American education: social, cultural, and historical contexts. /
Statement of responsibility, etc Tamura, Euleen H.
260 ## - PUBLICATION, DISTRIBUTION, ETC. (IMPRINT)
Place of publication, distribution, etc S. El Monte, CA
Name of publisher, distributor, etc Pacific Asia Press
Date of publication, distribution, etc c2002
300 ## - PHYSICAL DESCRIPTION
Extent 198 p.
Dimensions cm.
521 ## - TARGET AUDIENCE NOTE
Target audience note
526 ## - STUDY PROGRAM INFORMATION NOTE
Reading level 0L-1700L
541 ## - IMMEDIATE SOURCE OF ACQUISITION NOTE
-- 1
562 ## - COPY AND VERSION IDENTIFICATION NOTE
Number of copies 1
906 ## - LOCAL DATA ELEMENT F, LDF (RLIN)
a 0
b ibc
c orignew
d 2
e epcn
f 20
g y-gencatlg
942 ## - ADDED ENTRY ELEMENTS (KOHA)
Source of classification or shelving scheme Library of Congress Classification
Koha item type Books
Call number prefix
Holdings
Withdrawn status Lost status Source of classification or shelving scheme Damaged status Home library Current library Shelving location Date acquired Total Checkouts Full call number Barcode Date last seen Copy number Price effective from Koha item type
    Library of Congress Classification   College Library College Library General Circulation Section 04/19/2012   RA 447 .T159 2002 c6047 05/15/2018 1 04/19/2012 Books

Asian and pacific Islander American education: social, cultural, and historical contexts. /

APA

Tamura E. H., . (2002). Asian and pacific Islander American education: social, cultural, and historical contexts. S. El Monte, CA: Pacific Asia Press.

Chicago

Tamura Euleen H, . 2002. Asian and pacific Islander American education: social, cultural, and historical contexts. S. El Monte, CA: Pacific Asia Press.

Harvard

Tamura E. H., . (2002). Asian and pacific Islander American education: social, cultural, and historical contexts. S. El Monte, CA: Pacific Asia Press.

MLA

Tamura Euleen H, . Asian and pacific Islander American education: social, cultural, and historical contexts. S. El Monte, CA: Pacific Asia Press. 2002.

  • Place hold
  • Print
  • Cite
  • Add to your cart (remove)
  • Save record
    BIBTEX Dublin Core MARCXML MARC (non-Unicode/MARC-8) MARC (Unicode/UTF-8) MARC (Unicode/UTF-8, Standard) MODS (XML) RIS
  • More searches
    Search for this title in:
    Other Libraries (WorldCat) Other Databases (Google Scholar) Online Stores (Bookfinder.com) Open Library (openlibrary.org)

Exporting to Dublin Core...

SOUTHVILLE LIBRARY

Southville International School and Colleges Library

1281 Tropical Ave. Cor. Luxembourg St., BF Homes International, Las Pinas City

Tel. No. 8256374 / 252358 Loc. 117/146

Powered by Koha